[Event "Belgrade Serbia op"]
[Site "Belgrade"]
[Date "2024.07.21"]
[Round "9"]
[White "Popovic, Dragan B"]
[Black "Averin, Nikolay"]
[Result "1-0"]
[WhiteElo "2159"]
[BlackElo "2223"]
[PlyCount "79"]
[EventDate "2024.07.12"]
[EventType "swiss"]
[EventRounds "9"]
[EventCountry "SRB"]
[SourceTitle "CBM 221 Extra"]
[Source "ChessBase"]
[SourceDate "2024.09.30"]
[SourceVersion "1"]
[SourceVersionDate "2024.09.30"]
[SourceQuality "1"]

1. e4 c5 2. Nf3 d6 3. Nc3 a6 4. g3 b5 5. Bg2 Bb7 6. d4 b4 7. Na4 cxd4 8. Qxd4 Nf6 9. 0-0 Bxe4 10. Re1 Nc6 11. Qc4 Bd5 12. Qe2 e6 13. Be3 Qa5 14. Nb6 Rb8 15. Nxd5 Nxd5 16. Nd4 Nd8 17. Bd2 Be7 18. Nf5 exf5 19. Bxd5 0-0 20. Qf3 Bf6 21. a3 Qc7 22. Bxb4 g6 23. Qf4 Be5 24. Qd2 Nc6 25. Bc3 Rb5 26. Bb3 Rc5 27. Bb4 Nd4 28. Re3 Nxb3 29. cxb3 Rc2 30. Qd5 Rxb2 31. Rd1 Qc2 32. Rd2 Rb1+ 33. Kg2 Qc1 34. Kh3 g5 35. f4 Qf1+ 36. Qg2 g4+ 37. Kh4 h5 38. fxe5 Qb5 39. Qd5 Qb6 40. Qxd6 1-0

[Event "Belgrade Serbia op"]
[Site "Belgrade"]
[Date "2024.07.19"]
[Round "7"]
[White "Filip, Lucian Ioan"]
[Black "Averin, Nikolay"]
[Result "1/2-1/2"]
[WhiteElo "2346"]
[BlackElo "2223"]
[PlyCount "37"]
[EventDate "2024.07.12"]
[EventType "swiss"]
[EventRounds "9"]
[EventCountry "SRB"]
[SourceTitle "CBM 221 Extra"]
[Source "ChessBase"]
[SourceDate "2024.09.30"]
[SourceVersion "1"]
[SourceVersionDate "2024.09.30"]
[SourceQuality "1"]

1. d4 d5 2. c4 e6 3. Nf3 Nf6 4. g3 dxc4 5. Bg2 Nbd7 6. 0-0 a6 7. a4 c5 8. Na3 b5 9. Ne5 Nd5 10. Nc6 Qb6 11. e4 N5f6 12. d5 Bb7 13. Bf4 Bxc6 14. dxc6 Qxc6 15. axb5 axb5 16. Nxb5 Rxa1 17. Qxa1 e5 18. Qa4 Be7 19. Bc1 1/2-1/2

[Event "Belgrade Serbia op"]
[Site "Belgrade"]
[Date "2024.07.16"]
[Round "5"]
[White "Khuslen, Erdenebayar"]
[Black "Averin, Nikolay"]
[Result "0-1"]
[WhiteElo "2139"]
[BlackElo "2223"]
[PlyCount "64"]
[EventDate "2024.07.12"]
[EventType "swiss"]
[EventRounds "9"]
[EventCountry "SRB"]
[SourceTitle "CBM 221 Extra"]
[Source "ChessBase"]
[SourceDate "2024.09.30"]
[SourceVersion "1"]
[SourceVersionDate "2024.09.30"]
[SourceQuality "1"]

1. d4 Nf6 2. c4 e6 3. Nc3 d5 4. cxd5 exd5 5. Bg5 c6 6. e3 Bd6 7. Bd3 Nbd7 8. Qc2 Nf8 9. Nf3 Ng6 10. 0-0-0 h6 11. Bxg6 hxg5 12. Nxg5 fxg6 13. Qxg6+ Kd7 14. Nf7 Qe8 15. Qxg7 Rh7 16. Ne5+ Ke6 17. Qg3 Qh5 18. f4 Bd7 19. Rdf1 Ke7 20. Qf2 Rg8 21. h3 Qh4 22. Qe2 Nh5 23. Qc2 Ng3 24. Ng6+ Rxg6 25. Qxg6 Bf5 26. Qg8 Nxh1 27. Rxh1 Qf2 28. Qg5+ Ke6 29. Qg8+ Kd7 30. e4 Qxf4+ 31. Kb1 Bxe4+ 32. Ka1 Re7 0-1

[Event "Paracin op-A 17th"]
[Site "Paracin"]
[Date "2024.07.09"]
[Round "7"]
[White "Palczert, Matyas"]
[Black "Averin, Nikolay"]
[Result "1-0"]
[WhiteElo "2345"]
[BlackElo "2223"]
[PlyCount "67"]
[EventDate "2024.07.03"]
[EventType "swiss"]
[EventRounds "9"]
[EventCountry "SRB"]
[SourceTitle "CBM 221 Extra"]
[Source "ChessBase"]
[SourceDate "2024.09.30"]
[SourceVersion "1"]
[SourceVersionDate "2024.09.30"]
[SourceQuality "1"]

1. e4 c5 2. Nf3 d6 3. d4 cxd4 4. Nxd4 Nf6 5. Nc3 a6 6. h3 e5 7. Nf3 Nbd7 8. a4 Nc5 9. Bc4 Be6 10. Bxe6 fxe6 11. Qe2 Rc8 12. 0-0 Be7 13. Bd2 Qb6 14. a5 Qc6 15. Rfe1 0-0 16. Qc4 Qe8 17. b4 d5 18. exd5 Nce4 19. Qb3 Nxc3 20. Bxc3 Nxd5 21. Bd2 Bf6 22. c4 e4 23. Rxe4 Bxa1 24. cxd5 Qg6 25. Rxe6 Qc2 26. Qxc2 Rxc2 27. Be3 Rd8 28. d6 Bf6 29. Bc5 Kf7 30. Re1 Bc3 31. Re7+ Kf6 32. Rxb7 Rc1+ 33. Kh2 Rd1 34. Rb6 1-0

[Event "Asia-ch Rapid U14"]
[Site "Almaty"]
[Date "2024.06.10"]
[Round "1"]
[White "Averin, Nikolay"]
[Black "Sailaubay, Aldiyar"]
[Result "1/2-1/2"]
[WhiteElo "2385"]
[BlackElo "1834"]
[PlyCount "78"]
[EventDate "2024.06.10"]
[EventType "swiss (rapid)"]
[EventRounds "9"]
[EventCountry "KAZ"]
[SourceTitle "EXT 2025"]
[Source "ChessBase"]
[SourceDate "2024.10.14"]
[SourceVersion "1"]
[SourceVersionDate "2024.10.14"]
[SourceQuality "1"]
[WhiteTeam "FID"]
[BlackTeam "KAZ"]

1. e4 c5 2. Nf3 d6 3. d4 cxd4 4. Nxd4 Nf6 5. Nc3 Nc6 6. Bg5 e6 7. Qd2 a6 8. 0-0-0 Bd7 9. f4 h6 10. Bxf6 Qxf6 11. Nf3 Qd8 12. Bd3 Be7 13. Kb1 Qc7 14. Rhe1 0-0-0 15. Nd5 exd5 16. exd5 Bf6 17. dxc6 Bxc6 18. Be4 d5 19. Bf5+ Kb8 20. c3 Rhe8 21. g3 Qb6 22. Ne5 Re7 23. Nxc6+ Qxc6 24. Rxe7 Bxe7 25. Bh3 Bc5 26. Bg2 Qg6+ 27. Ka1 d4 28. Qe2 Ka7 29. Qf3 Qb6 30. b3 Rd7 31. Kb1 Qc7 32. cxd4 Bxd4 33. Rc1 Qb6 34. Qg4 Re7 35. Qd1 Qg6+ 36. Qc2 Qxc2+ 37. Rxc2 Re1+ 38. Rc1 Re2 39. Rc2 Re1+ 1/2-1/2

[Event "Asia-ch Rapid U14"]
[Site "Almaty"]
[Date "2024.06.10"]
[Round "4"]
[White "Huh, Isaak"]
[Black "Averin, Nikolay"]
[Result "0-1"]
[WhiteElo "1949"]
[BlackElo "2385"]
[PlyCount "171"]
[EventDate "2024.06.10"]
[EventType "swiss (rapid)"]
[EventRounds "9"]
[EventCountry "KAZ"]
[SourceTitle "EXT 2025"]
[Source "ChessBase"]
[SourceDate "2024.10.14"]
[SourceVersion "1"]
[SourceVersionDate "2024.10.14"]
[SourceQuality "1"]
[WhiteTeam "KOR"]
[BlackTeam "FID"]

1. e4 c5 2. Nf3 d6 3. d4 cxd4 4. Nxd4 Nf6 5. Nc3 a6 6. Bg5 Nbd7 7. f4 h6 8. Bxf6 Nxf6 9. f5 Qb6 10. Nb3 Bd7 11. Bd3 0-0-0 12. Qe2 e6 13. fxe6 fxe6 14. 0-0-0 h5 15. Nd2 Ng4 16. Nc4 Qc5 17. Rdf1 Be7 18. Kb1 Kb8 19. Nd2 Bf6 20. Nb3 Qb6 21. Nd1 Rc8 22. h3 Ne5 23. Qe3 Qc7 24. Rf2 a5 25. Nd4 a4 26. a3 Qb6 27. Ne2 Rc5 28. Nec3 Rhc8 29. Rhf1 Qa5 30. Qd4 Nc4 31. Rxf6 gxf6 32. Bxc4 Rxc4 33. Qxd6+ Qc7 34. Qxc7+ Kxc7 35. Rxf6 Rc5 36. Ne3 Rg8 37. g4 hxg4 38. hxg4 Rh8 39. Rf3 Rh1+ 40. Ka2 Bc6 41. Rf7+ Kb6 42. Rf3 Rg1 43. Rh3 Ka6 44. Rf3 Re5 45. Nc4 Rc5 46. Ne3 b5 47. Rh3 Re5 48. g5 Rgxg5 49. Rh4 Rh5 50. Rf4 Rh3 51. Ng4 Rg5 52. Nf2 Rh2 53. Nd3 Kb6 54. Nb4 Bd7 55. Rf7 Bc8 56. Rf8 Bb7 57. Re8 Rh6 58. Rd8 Kc7 59. Rd1 Rh4 60. Re1 Kb6 61. Rd1 Re5 62. Nd3 Reh5 63. Nb4 Kc7 64. Re1 Rg4 65. b3 Rg3 66. Kb2 axb3 67. Kxb3 Kb6 68. Nd3 Rhh3 69. a4 bxa4+ 70. Nxa4+ Kc7 71. Nac5 Bc8 72. Rf1 Rh7 73. Rf6 Kd6 74. Rf8 Rc7 75. e5+ Ke7 76. Rh8 Rxc5 77. Rh7+ Kd8 78. Kb2 Rb5+ 79. Kc3 Rxe5 80. Rh8+ Kc7 81. Kd4 Rd5+ 82. Kc4 Ba6+ 83. Kc3 Bxd3 84. cxd3 Rgxd3+ 85. Kc4 R5d4+ 86. Kc5 0-1